Training guide Malaysia.
| Format: | Book |
|---|---|
| Published: |
Kuala Lumpur:
Challenger Concept,
2005.
|
| Edition: | 7th ed. |
| Subjects: |
| LEADER | 00468cam a2200157 7i4500 | ||
|---|---|---|---|
| 001 | 0000015774 | ||
| 005 | 20050707090000.0 | ||
| 022 | 0 | 0 | |a 1511-7812 |
| 090 | 0 | 0 | |a M 370.113025 |b TRA |
| 245 | 0 | 0 | |a Training guide Malaysia. |
| 250 | 0 | 0 | |a 7th ed. |
| 260 | 0 | 0 | |a Kuala Lumpur: |b Challenger Concept, |c 2005. |
| 300 | # | # | |a 283 p. |
| 650 | 0 | 0 | |a Education -- |x Study guides -- |x Directories -- |z Malaysia |
| 651 | 0 | 0 | |a Malaysia |
| 999 | |a 0000017201 |b Directories |c Malaysia |e Business Information Centre | ||